Guide to using Lotus 1-2-3
| Main Author: | |
|---|---|
| Format: | Book |
| Published: |
Berkeley, Calif. :
Osborne McGraw-Hill ,
1988
|
| Edition: | 2nd ed |
| Subjects: |
MARC
| LEADER | 00000cam a2200000 7i4500 | ||
|---|---|---|---|
| 001 | 0000009261 | ||
| 002 | 000010090 | ||
| 005 | 20000330.0 | ||
| 020 | |a 0070991405 | ||
| 090 | 0 | 0 | |a 005.7565 |b BAR |
| 100 | 1 | |a Baras, Edward M | |
| 245 | 0 | 0 | |a Guide to using Lotus 1-2-3 |c Edward M.Baras |
| 250 | |a 2nd ed | ||
| 260 | |a Berkeley, Calif. : |b Osborne McGraw-Hill , |c 1988 | ||
| 300 | |a 412 p. ; |c 22 cm. | ||
| 650 | 0 | 0 | |a Business |x Software |
| 650 | 0 | 0 | |a Electronic spreedsheets |x Sofware |
| 999 | |a 019526 |b BUKU |c PINJAMAN |e PERPUSTAKAAN KOMUNITI PETALING JAYA | ||